The war of the worlds (Record no. 7864)
[ view plain ]
| 000 -LEADER | |
|---|---|
| fixed length control field | 01350cam a2200397 a 4500 |
| 001 - CONTROL NUMBER | |
| control field | 13784303 |
| 003 - CONTROL NUMBER IDENTIFIER | |
| control field | PILC |
| 005 - DATE AND TIME OF LATEST TRANSACTION | |
| control field | 20160114094558.0 |
| 008 - FIXED-LENGTH DATA ELEMENTS--GENERAL INFORMATION | |
| fixed length control field | 041117r20051990mnua c 000 1 eng |
| 010 ## - LIBRARY OF CONGRESS CONTROL NUMBER | |
| LC control number | 2004062300 |
| 020 ## - INTERNATIONAL STANDARD BOOK NUMBER | |
| International Standard Book Number | 086611453X |
| 040 ## - CATALOGING SOURCE | |
| Original cataloging agency | DLC |
| Transcribing agency | DLC |
| Modifying agency | DLC |
| 042 ## - AUTHENTICATION CODE | |
| Authentication code | lcac |
| 050 00 - LIBRARY OF CONGRESS CALL NUMBER | |
| Classification number | PZ 7 |
| Item number | .W453 1983 |
| 082 00 - DEWEY DECIMAL CLASSIFICATION NUMBER | |
| Classification number | KF Il6we 1983 |
| 100 1# - MAIN ENTRY--PERSONAL NAME | |
| Personal name | Vogel, Malvina G. |
| 9 (RLIN) | 4290 |
| 245 14 - TITLE STATEMENT | |
| Title | The war of the worlds |
| Statement of responsibility, etc | H.G. Wells ; adapted by Malvina G. Vogel ; illustrations by Brendan Lynch. |
| 250 ## - EDITION STATEMENT | |
| Edition statement | Library ed. |
| 260 ## - PUBLICATION, DISTRIBUTION, ETC. (IMPRINT) | |
| Place of publication, distribution, etc | New York : |
| Name of publisher, distributor, etc | Waldman & Son, |
| Date of publication, distribution, etc | c1983. |
| 300 ## - PHYSICAL DESCRIPTION | |
| Extent | 238 p. : |
| Other physical details | ill. ; |
| Dimensions | 21 cm. |
| 440 #0 - SERIES STATEMENT/ADDED ENTRY--TITLE | |
| Title | Great illustrated classics |
| 9 (RLIN) | 3488 |
| 520 ## - SUMMARY, ETC. | |
| Summary, etc | Humans battle evil aliens to save Earth and its people from certain doom when the Martians land in England. |
| 526 ## - STUDY PROGRAM INFORMATION NOTE | |
| Reading level | 450L to 920L |
| 562 ## - COPY AND VERSION IDENTIFICATION NOTE | |
| Number of copies | 3 |
| 630 ## - SUBJECT ADDED ENTRY--UNIFORM TITLE | |
| Uniform title | Adventure and adventures |
| General subdivision | Fiction |
| 9 (RLIN) | 4291 |
| 648 ## - SUBJECT ADDED ENTRY--CHRONOLOGICAL TERM | |
| Chronological term | War |
| General subdivision | Fiction. |
| 9 (RLIN) | 4292 |
| 650 #1 - SUBJECT ADDED ENTRY--TOPICAL TERM | |
| Topical term or geographic name as entry element | Science fiction. |
| 9 (RLIN) | 3490 |
| 700 1# - ADDED ENTRY--PERSONAL NAME | |
| Personal name | Lynch, Brendan, |
| Relator term | ill. |
| 9 (RLIN) | 4293 |
| 700 1# - ADDED ENTRY--PERSONAL NAME | |
| Personal name | Wells, H. G. |
| Fuller form of name | (Herbert George), |
| Dates associated with a name | 1866-1946. |
| Title of a work | War of the worlds. |
| 9 (RLIN) | 4294 |
| 906 ## - LOCAL DATA ELEMENT F, LDF (RLIN) | |
| a | 7 |
| b | cbc |
| c | orignew |
| d | 1 |
| e | ocip |
| f | 20 |
| g | y-gencatlg |
| 942 ## - ADDED ENTRY ELEMENTS (KOHA) | |
| Source of classification or shelving scheme | Library of Congress Classification |
| Koha item type | Books |
| Withdrawn status | Lost status | Source of classification or shelving scheme | Damaged status | Home library | Current library | Shelving location | Date acquired | Total Checkouts | Full call number | Barcode | Date last seen | Copy number | Price effective from | Koha item type |
|---|---|---|---|---|---|---|---|---|---|---|---|---|---|---|
| Library of Congress Classification | Luxembourg Library | Luxembourg Library | Kids Fiction Section | 07/25/2013 | PZ 7 .W453 1983 | 10169 | 07/15/2015 | 1 | 07/25/2013 | Books | ||||
| Library of Congress Classification | Luxembourg Library | Luxembourg Library | Kids Fiction Section | 07/25/2013 | PZ 7 .W453 1983 | 10137 | 07/15/2015 | 2 | 07/25/2013 | Books | ||||
| Library of Congress Classification | Luxembourg Library | Luxembourg Library | Kids Fiction Section | 07/25/2013 | PZ 7 .W453 1983 | 9728 | 07/15/2015 | 3 | 07/25/2013 | Books | ||||
| Library of Congress Classification | Luxembourg Library | Luxembourg Library | Kids Fiction Section | 07/26/2013 | PZ 7 .W453 1983 | 14351 | 08/13/2013 | 4 | 07/26/2013 | Books |